=LDR 00000nam 2200000 4500 =001 INLIS000000000016082 =005 20201112101118 =035 ##$$a 0010-061300000016082 =008 201112################g##########0#ind## =041 ##$$a Ind =082 ##$$a 326.296 8 =090 ##$$a 326.096 8, Man e =100 ##$$a Mandela, Nelson =245 1#$$a Langkah menuju kebebasan : $b Surat-surat dari bawah tanah /$c Nelson Mandela ; Penerjemah A. Rahman Zainuddin =260 ##$$a Jakarta :$b Yayasan Obor Indonesia,$c 1993 =300 ##$$a xvii, 214 hlm ; $c 20 x 14 cm =650 #4$$a Perbudakan di Afrika Selatan =700 #$$a Zainuddin, A. Rahman =850 ##$$a NBPNMAT =020 ##$$a 979-461-129-8 =084 ##$$a 326.296 8 MAN l =990 ##$$a 51.327/pb93 =990 ##$$a 51.328/pb93